আপেক্ষিকতা / (Record no. 44022)
[ view plain ]
| 000 -LEADER | |
|---|---|
| fixed length control field | 00944nam a2200241 a 4500 |
| 001 - CONTROL NUMBER | |
| control field | 44022 |
| 003 - CONTROL NUMBER IDENTIFIER | |
| rucl marc code | BD-RjUL |
| 005 - DATE AND TIME OF LATEST TRANSACTION | |
| control field | 20211209053803.0 |
| 008 - FIXED-LENGTH DATA ELEMENTS--GENERAL INFORMATION | |
| fixed length control field | 160712s1970 bg ||||| |||| 00| 0 ben d |
| 020 ## - INTERNATIONAL STANDARD BOOK NUMBER | |
| Terms of availability | : PRs 5.50 |
| 035 ## - SYSTEM CONTROL NUMBER | |
| System control number | (BD-RjUL)44140 |
| 040 ## - CATALOGING SOURCE | |
| Original cataloging agency | BD-RjUL |
| Language of cataloging | ben |
| Transcribing agency | BD-RjUL |
| 041 ## - LANGUAGE CODE | |
| Language code of text/sound track or separate title | ben |
| 082 ## - DEWEY DECIMAL CLASSIFICATION NUMBER | |
| Classification number | 530.11 |
| Edition number | 23 |
| Author mark and year | EIA 1970 |
| 100 ## - MAIN ENTRY--PERSONAL NAME | |
| Personal name | আইনস্টাইন, আলবার্ট |
| 9 (RLIN) | 119500 |
| 245 10 - TITLE STATEMENT | |
| Title | আপেক্ষিকতা / |
| Statement of responsibility, etc. | আলবার্ট আইনস্টাইন, অনুবাদ নুরুল হুদা |
| 260 ## - PUBLICATION, DISTRIBUTION, ETC. (IMPRINT) | |
| Place of publication, distribution, etc. | ঢাকা : |
| Name of publisher, distributor, etc. | বাংলা একাডেমী, |
| Date of publication, distribution, etc. | ১৯৭০ |
| 300 ## - PHYSICAL DESCRIPTION | |
| Pagination | ১৩১ পৃ. ; |
| Size | ২২ সেমি. |
| 650 ## - SUBJECT ADDED ENTRY--TOPICAL TERM | |
| Topical term or geographic name as entry element | আপেক্ষিকতা (পদার্থবিদ্যা) |
| 9 (RLIN) | 119499 |
| Topical term or geographic name as entry element | Relativity (Physics) |
| 9 (RLIN) | 116965 |
| 700 ## - ADDED ENTRY--PERSONAL NAME | |
| Personal name | হুদা, নুরু্ অনুবাদ |
| 942 ## - ADDED ENTRY ELEMENTS (KOHA) | |
| Source of classification or shelving scheme | Dewey Decimal Classification |
| Koha item type | Books |
| Lost status | Source of classification or shelving scheme | Damaged status | Not for loan | Collection code | Permanent Location | Current Location | Shelving location | Date acquired | Source of acquisition | Cost, normal purchase price | Total Checkouts | Full call number | Date last seen | Copy number | Koha item type |
|---|---|---|---|---|---|---|---|---|---|---|---|---|---|---|---|
| Dewey Decimal Classification | Non-fiction | Central Library, University of Rajshahi | Central Library, University of Rajshahi | 07/01/1975 | Bangla Academy, Dhaka | 5.50 | B 530.11 EIA 1970 | 12/07/2016 | C-2 | Books | |||||
| Dewey Decimal Classification | Non-fiction | Central Library, University of Rajshahi | Central Library, University of Rajshahi | 07/01/1975 | Bangla Accademi | 5.50 | B 530.11 EIA 1970 | 08/08/2016 | C-3 | Books | |||||
| Dewey Decimal Classification | Non-fiction | Central Library, University of Rajshahi | Central Library, University of Rajshahi | 07/01/1975 | Bangla Accademi | 5.50 | B 530.11 EIA 1970 | 08/08/2016 | C-4 | Books | |||||
| Dewey Decimal Classification | Non-fiction | Central Library, University of Rajshahi | Central Library, University of Rajshahi | 07/01/1975 | Bangla Accademi | 5.50 | B 530.11 EIA 1970 | 08/08/2016 | C-5 | Books | |||||
| Dewey Decimal Classification | Non-fiction | Central Library, University of Rajshahi | Central Library, University of Rajshahi | 07/01/1975 | Bangla Accademi | 5.50 | B 530.11 EIA 1970 | 08/08/2016 | C-6 | Books | |||||
| Dewey Decimal Classification | Non-fiction | Central Library, University of Rajshahi | Central Library, University of Rajshahi | 07/01/1975 | Bangla Accademi | 5.50 | B 530.11 EIA 1970 | 08/08/2016 | C-7 | Books | |||||
| Dewey Decimal Classification | Non-fiction | Central Library, University of Rajshahi | Central Library, University of Rajshahi | 07/01/1975 | Bangla Academy, Dhaka. | 5.50 | B 530.11 EIA 1970 | 24/11/2016 | C-8 | Books | |||||
| Dewey Decimal Classification | Not For Loan | Non-fiction | Central Library, University of Rajshahi | Central Library, University of Rajshahi | Reading Room | 12/05/2008 | Author | B 530.11 EIA 1970 | 15/05/2017 | C-1 | Books |